The Delhi iron pillar: (Record no. 35070)

MARC details
000 -LEADER
fixed length control field 01010nam a22002537a 4500
005 - DATE AND TIME OF LATEST TRANSACTION
control field 20100405111329.0
008 - FIXED-LENGTH DATA ELEMENTS--GENERAL INFORMATION
fixed length control field 100405t xxu||||| |||| 00| 0 eng d
010 ## - LCCN (DPL NO)
LC control number B-379447
020 ## - INTERNATIONAL STANDARD BOOK NUMBER
Terms of availability 550.00
035 ## - SYSTEM CONTROL NUMBER
System control number B-379447
037 ## - SOURCE OF ACQUISITION
Source of stock number/acquisition UBH
040 ## - CATALOGING SOURCE
Original cataloging agency dpl
Language of cataloging English
082 ## - DEWEY DECIMAL CLASSIFICATION NUMBER
Classification number 954.16
245 ## - TITLE STATEMENT
Title The Delhi iron pillar:
Remainder of title its art, metallurgy and inscriptions /
Statement of responsibility, etc edited by M.C. Joshi, S.K. Gupta [and] Shankar Goyal
260 ## - PUBLICATION, DISTRIBUTION, ETC. (IMPRINT)
Place of publication, distribution, etc Jodhpur
Name of publisher, distributor, etc Kusumanjali Prakashan
Date of publication, distribution, etc 1996
270 ## - ADDRESS
Address 41-A Sardar Club Scheme
City Jodhpur
Postal code 342011
300 ## - PHYSICAL DESCRIPTION
Extent xvi, 262p.:
Other physical details b&w photos
Dimensions 23cm(Hb)
700 ## - ADDED ENTRY--PERSONAL NAME
Personal name Joshi, M.C.
700 ## - ADDED ENTRY--PERSONAL NAME
Personal name Gupta, S.K.
700 ## - ADDED ENTRY--PERSONAL NAME
Personal name Goyal, Shankar
942 ## - ADDED ENTRY ELEMENTS (KOHA)
Source of classification or shelving scheme Dewey Decimal Classification
Item type English Books
Call number suffix DEL
Classification part 954.16
Holdings
Withdrawn status Lost status Source of classification or shelving scheme Damaged status Not for loan Collection code Home library Current library Date acquired Source of acquisition Cost, normal purchase price Total Checkouts Full call number Barcode Date last seen Copy number Cost, replacement price Koha item type
    Dewey Decimal Classification   Not For Loan Reference Central Library Central Library 05/04/2010 UBH/245/24.2.10/178/23.2.10/24.2.10 550.00   954.16 DEL B-379447 05/04/2010 1 550.00 English Books

© Delhi Public Library
Hit Counter
free hit counter